Mikroekonomie
Salvato in:
| Autore principale: | |
|---|---|
| Altri autori: | |
| Natura: | Libro |
| Lingua: | ceco |
| Pubblicazione: |
Praha
Management Press
2008
|
| Edizione: | 4. rozšíř. vyd. |
| Soggetti: | |
| Tags: |
Nessun Tag, puoi essere il primo ad aggiungerne!!
|
MARC
| LEADER | 00000nam$a2200000$$$4500 | ||
|---|---|---|---|
| 001 | 0114939 | ||
| 005 | 20240226134221.3 | ||
| 020 | |a 978-80-7261-150-8 | ||
| 041 | 0 | |a cze | |
| 044 | |a CZ | ||
| 245 | 1 | 0 | |a Mikroekonomie |c Bronislava Hořejší, Jana Soukupová, ... [et al.] |
| 250 | |a 4. rozšíř. vyd. | ||
| 264 | 1 | |a Praha |b Management Press |c 2008 | |
| 300 | |a 574 s. | ||
| 610 | 2 | 0 | |a mikroekonomika |
| 610 | 2 | 0 | |a správanie spotrebiteľa |
| 610 | 2 | 0 | |a firmy |
| 610 | 2 | 0 | |a dopyt |
| 610 | 2 | 0 | |a ponuka |
| 610 | 2 | 0 | |a faktory výrobné |
| 610 | 2 | 0 | |a rovnováha |
| 610 | 2 | 0 | |a štát |
| 100 | 1 | |a Hořejší, Bronislava | |
| 700 | 1 | |a Soukupová, Jana | |